000 00750nam a22002537a 4500
001 BS2023000557
003 BR-BrBNA
005 20231207131015.0
008 231207b bl.||||| |||| 00| 0 por d
020 _a978-85-08-10525-0
040 _aBR-BrBNA
_bpor
041 _apor
072 _aS89
100 _4aut.
_aPiasecki, Jerry
245 _aMeninos em guerra :
_bhistória de amizade e conflito na África /
_cJerry Piasecki
260 _aSão Paulo, SP :
_bÁtica,
_c2006
300 _a168 p.
650 _aGUERRILHAS - ÁFRICA - LITERATURA INFANTOJUVENIL
650 _aADOLESCÊNCIA - ÁFRICA - LITERATURA INFANTOJUVENIL
856 _yTexto integral
909 _a202312
_bAna Lívia
942 _cBK
999 _c259899
_d259899